000 00561cam a2200181 4500500
005 20260405001417.0
041 _afre
042 _adc
100 1 0 _aEltchaninoff, Michel
_eauthor
245 0 0 _aGangnam Style, un remède de cheval contre l’inégalité ?
260 _c2013.
500 _a62
690 _aInégalité
690 _aK-pop
690 _aPsy
786 0 _nPhilosophie magazine | 66 | 2 | 2013-02-01 | p. 4-4 | 1951-1787
856 4 1 _uhttps://shs.cairn.info/magazine-philosophie-magazine-2013-2-page-4?lang=fr&redirect-ssocas=7080
999 _c2047355
_d2047355